|
|
|
|
| LEADER |
00000nab a2200000 a 4500 |
| 001 |
vtls008872935 |
| 003 |
SK-MaSNL |
| 005 |
20260304144314.0 |
| 008 |
250505c2006 xo |||||||||||000 b|slo |
| 015 |
|
|
|a SNBRB2006/11
|2 snkbucl
|
| 035 |
|
|
|a (uuid)8e53d0c6-e48a-4279-b909-9c86f85bd8bb
|
| 035 |
|
|
|a urn:nbn:sk:snk-ab9f7s
|
| 035 |
|
|
|a (urnnbn)urn:nbn:sk:snk:ar-a08c91
|
| 038 |
|
|
|a SNKBUCL
|
| 040 |
|
|
|a SNKBUCL
|b slo
|c SNKBUCL
|e AACR2
|
| 041 |
0 |
|
|a slo
|
| 044 |
|
|
|a xo
|c SK
|
| 080 |
|
|
|a 645.68
|2 1997
|
| 100 |
1 |
|
|a Kačaliaková, Elena
|4 aut
|9 268113
|
| 245 |
1 |
0 |
|a Dážď (kúpeľňových inšpirácií)
|b kúpeľne
|c Elena Kačaliaková
|
| 300 |
|
|
|b Fotogr.
|
| 650 |
0 |
7 |
|a kúpeľne
|2 snkbucl
|9 70202
|
| 650 |
0 |
7 |
|a bytové vybavenie
|2 snkbucl
|9 3742
|
| 773 |
0 |
|
|t Stolársky magazín
|g Roč. 7, č. 7-8 (2006), s. 44-45
|x 1335-7018
|
| 850 |
|
|
|a Slovenská národná knižnica
|
| 852 |
|
|
|a Slovenská národná knižnica
|
| 954 |
|
|
|a odborná, vedecká literatúra pôvodná (slovenská)
|2 lita
|
| 958 |
|
|
|a article13
|
| 958 |
|
|
|a OND
|
| 958 |
|
|
|a EUIPO
|
| 999 |
|
|
|c 2930574
|d 2932504
|